| 000 | 00701nam a2200253Ia 4500 | ||
|---|---|---|---|
| 003 | OSt | ||
| 005 | 20220924114738.0 | ||
| 006 | a|||||r|||| 00| 0 | ||
| 007 | ta | ||
| 008 | 220923b |||||||| |||| 00| 0 ara d | ||
| 024 | _a345105 | ||
| 037 | _cTextual | ||
| 040 |
_aARTS _cARTS _bara |
||
| 041 |
_2ara _aara |
||
| 082 | _aW,1:(Q7), 28K3 | ||
| 100 |
_aMusi Mohammad Yusuf Au. _9175137 |
||
| 245 | 0 | _aNizam-al-hukm fi-al-islam | |
| 260 |
_aCairo _bDar-al-katib Egypt _c1963 |
||
| 300 |
_a219p. _ccm. |
||
| 650 | _a POLITICAL SCIENCE | ||
| 650 |
_aARABIC LANGUAGE _931794 |
||
| 942 |
_hW,1:(Q7), 28K3 _cTEXL _2CC |
||
| 999 |
_c395072 _d395072 |
||